000 00681nam a2200241 a 4500
001 nice12345678
003 IN_TiNIC
005 20260116014023.0
008 120809s2009 lona grp 000 0 eng
020 _a9780415480642
_c595
082 0 0 _a324.245
_bAHM
100 _aAhmed, Talat
245 _aLiterature and Politics in the Age of Nationalism
_b The Progressive Writer`s Movement in South Asia, 1932-56
260 _aLondon
_bRoutledge Chapman Hall
_c2009
300 _a205p
500 _aincludes index and biblioraphy
505 2 _aBibliography, Index
650 _aNationalism
700 1 _aAhmed, Talat
902 _bSRS
942 _cBK
999 _c13533
_d13533